[Event "2nd Asian Nations Team Cup U14 2019"]
[Site "Shenzhen"]
[Date "2019.12.20"]
[Round "2.9"]
[White "Li, Shanglin"]
[Black "Hou, Yifan b"]
[Result "1/2-1/2"]
[WhiteElo "2020"]
[BlackElo "2124"]
[Annotator "TA"]
[PlyCount "52"]
[EventDate "2019.12.19"]
[EventType "team-tourn"]
[EventCountry "CHN"]
[SourceTitle "playchess.com"]
[Source "ChessBase"]
[SourceQuality "1"]

{[%evp 13,52,-9,-3,-5,0,-25,-11,-13,-16,-16,-17,-14,-6,-11,-11,-14,-11,-10,-10,-8,-20,-13,-10,-22,-13,-22,-6,-6,-6,-7,0,0,0,0,0,-8,-5,-15,-6,-13,-13]} 1. d4 Nf6 2. c4 e6 3. Nc3 Bb4 4. Bd2 d5 5. e3 O-O 6. Nf3 b6 7. cxd5 exd5 8. Bd3 {E51: Nimzo-Indian: Rubinstein: 4...0-0 5 Nf3 d5} c5 (8... Bb7 9. O-O Bd6 10. Rc1 c5 11. Ne5 Nc6 12. Ng4 Nxg4 13. Qxg4 c4 14. Bb1 Ne7 15. Nb5 f5 16. Qe2 a6 17. Nxd6 Qxd6 18. f3 b5 19. Be1 Ng6 20. Ba5 Ne7 21. Be1 Ng6 22. Ba5 Ne7 23. Be1 {½-½ (23) Nakamura,H (2743)-Giri,A (2779) Saint Louis 2019}) 9. a3 Bxc3 $1 10. Bxc3 {The position is equal.} c4 11. Bc2 Bg4 12. Qd2 Ne4 13. Bxe4 dxe4 14. Ne5 $146 {[%mdl 64] [#] Double Attack} ({Predecessor:} 14. Ng1 Nd7 {½-½ (37) Volkov,A (2283)-Nepustil,F (2390) ICCF email 2011}) 14... Be6 15. d5 Qxd5 16. Qxd5 Bxd5 17. O-O-O Be6 18. Rd4 f6 19. Nxc4 Nc6 20. Rd6 Bxc4 21. Rxc6 Rac8 22. Rxc8 Rxc8 23. Rd1 Bd3 24. Kd2 Kf7 25. Rc1 Ke6 26. Ke1 Kf5 {Accuracy: White = 72%, Black = 59%.} 1/2-1/2

[Event "2nd Asian Nations Team Cup U14 2019"]
[Site "Shenzhen"]
[Date "2019.12.20"]
[Round "2.10"]
[White "Wei, Jianzhou"]
[Black "Wang, Xiaozhi"]
[Result "1-0"]
[WhiteElo "1755"]
[BlackElo "1872"]
[Annotator "NA RC"]
[PlyCount "81"]
[EventDate "2019.12.19"]
[EventType "team-tourn"]
[EventCountry "CHN"]
[SourceTitle "playchess.com"]
[Source "ChessBase"]
[SourceQuality "1"]
[TimeControl "5400+30"]

1. d4 {[%emt 6:21:14]} Nf6 {[%emt 0:03:20]} 2. c4 {[%emt 0:00:00]} g6 {[%emt 0:00:26]} 3. Nc3 {[%emt 0:00:00]} Bg7 {[%emt 0:00:06]} 4. e4 {[%emt 0:00:00]} d6 {[%emt 0:00:08]} 5. f3 {[%emt 0:00:00]} O-O {[%emt 0:00:07]} 6. Be3 {[%emt 0:00:00]} Nc6 {[%emt 0:00:04]} 7. Nge2 {[%emt 0:00:00]} a6 {[%emt 0:00:06]} 8. Qd2 {[%emt 0:00:00]} Na5 {[%emt 0:00:06]} 9. Nc1 {[%emt 0:00:00]} Nd7 {[%emt 0:00:04]} 10. Nb3 {[%emt 0:00:00]} c5 {[%emt 0:01:46]} 11. Nxa5 {[%emt 0:00:00]} Qxa5 {[%emt 0:00:13]} 12. Be2 {[%emt 0:00:00]} cxd4 {[%emt 0:09:53]} 13. Bxd4 {[%emt 0:00:00]} Ne5 {[%emt 0:00:04]} 14. O-O {[%emt 0:00:00]} Be6 {[%emt 0:05:38]} 15. f4 {[%emt 0:00:00]} Bh6 {[%emt 0:10:19]} 16. b3 {[%emt 0:07:18]} Nc6 {[%emt 0:21:07]} 17. Be3 {[%emt 0:00:00]} Bg7 {[%emt 0:00:16]} 18. Rac1 {[%emt 0:00:00]} Rfc8 {[%emt 0:05:35]} 19. Kh1 {[%emt 0:00:00]} b5 {[%emt 0:06:40]} 20. f5 {[%emt 0:00:00]} Bd7 {[%emt 0:01:45]} 21. Nd5 {[%emt 0:00:00]} Qxd2 {[%emt 0:00:11]} 22. Bxd2 {[%emt 0:00:00]} Rd8 {[%emt 0:17:11]} 23. Nb6 {[%emt 0:00:00]} Rab8 {[%emt 0:00:13]} 24. Nxd7 {[%emt 0:00:00]} Rxd7 {[%emt 0:00:02]} 25. cxb5 {[%emt 0:00:00]} Nd4 {[%emt 0:00:02]} 26. Bg4 {[%emt 0:00:00]} h5 {[%emt 0:01:55]} 27. Bh3 {[%emt 0:00:00]} Ra7 {[%emt 0:02:01]} 28. Be3 {[%emt 0:00:00]} Raa8 {[%emt 0:02:08]} 29. f6 {[%emt 0:00:00]} Bxf6 {[%emt 0:00:10]} 30. Rxf6 exf6 {[%emt 0:00:04]} 31. Bxd4 {[%emt 0:00:00]} axb5 {[%emt 0:01:15]} 32. Rc2 {[%emt 0:00:00]} Re8 {[%emt 0:02:22]} 33. Bxf6 {[%emt 0:00:00]} Rxe4 {[%emt 0:00:45]} 34. g3 {[%emt 0:00:00]} d5 {[%emt 0:03:54]} 35. Bd7 {[%emt 0:00:00]} b4 {[%emt 0:03:36]} 36. Kg2 {[%emt 0:00:00]} Re1 {[%emt 0:02:37]} 37. Rd2 {[%emt 0:00:00]} g5 {[%emt 0:01:19]} 38. Bxg5 {[%emt 0:00:00]} Ra1 {[%emt 0:00:00]} 39. Ba4 {[%emt 0:00:00]} Kg7 {[%emt 0:00:47]} 40. Be7 {[%emt 0:00:00]} Rb8 {[%emt 0:00:35]} 41. Bd6 {[%emt 0:00:00]} 1-0

[Event "2nd Asian Nations Team Cup U14 2019"]
[Site "Shenzhen"]
[Date "2019.12.20"]
[Round "2.11"]
[White "Lu, Miaoyi"]
[Black "Meng, Yihan"]
[Result "1/2-1/2"]
[WhiteElo "1787"]
[BlackElo "1787"]
[Annotator "NA RC"]
[PlyCount "117"]
[EventDate "2019.12.19"]
[EventType "team-tourn"]
[EventCountry "CHN"]
[SourceTitle "playchess.com"]
[Source "ChessBase"]
[SourceQuality "1"]
[TimeControl "5400+30"]

1. d4 {[%emt 0:00:00]} Nf6 {[%emt 0:00:00]} 2. c4 {[%emt 0:00:00]} c5 {[%emt 0:00:00]} 3. d5 {[%emt 0:00:00]} b5 4. cxb5 a6 5. bxa6 {[%emt 0:00:23]} g6 {[%emt 0:00:00]} 6. Nc3 {[%emt 0:00:02]} Bg7 {[%emt 0:01:17]} 7. e4 {[%emt 0:02:24]} O-O {[%emt 0:00:00]} 8. Nf3 {[%emt 0:01:36]} Qa5 {[%emt 0:03:49]} 9. Bd2 {[%emt 0:05:33]} Bxa6 {[%emt 0:00:12]} 10. Bxa6 {[%emt 0:01:33]} Qxa6 {[%emt 0:00:00]} 11. Qe2 {[%emt 0:01:16]} e6 {[%emt 0:01:10]} 12. Qxa6 {[%emt 0:04:13]} Nxa6 {[%emt 0:07:20]} 13. O-O {[%emt 0:03:02]} exd5 {[%emt 0:00:46]} 14. exd5 {[%emt 0:06:27]} Nb4 {[%emt 0:05:22]} 15. Be3 {[%emt 0:07:15]} Nd3 {[%emt 0:09:27]} 16. b3 {[%emt 0:01:53]} Ng4 {[%emt 0:00:00]} 17. Bd2 {[%emt 0:06:16]} Rfe8 {[%emt 0:02:45]} 18. h3 {[%emt 0:01:32]} Nge5 {[%emt 0:00:08]} 19. Nxe5 {[%emt 0:00:49]} Bxe5 {[%emt 0:07:03]} 20. a4 {[%emt 0:13:01]} Bd4 {[%emt 0:00:00]} 21. Rad1 {[%emt 0:15:33]} Nb2 {[%emt 0:03:05]} 22. Rb1 {[%emt 0:00:00]} Nd3 {[%emt 0:07:43]} 23. Rbd1 {[%emt 0:06:10]} Rab8 {[%emt 0:01:20]} 24. Nb5 {[%emt 0:00:00]} Re2 {[%emt 0:00:46]} 25. Be3 {[%emt 0:07:01]} Nb2 {[%emt 0:05:49]} 26. Rde1 {[%emt 0:00:00]} Rxe3 {[%emt 0:07:26]} 27. fxe3 {[%emt 0:00:00]} Be5 {[%emt 0:05:51]} 28. e4 {[%emt 0:00:40]} d6 {[%emt 0:03:42]} 29. Rf3 {[%emt 0:03:44]} c4 {[%emt 0:00:00]} 30. bxc4 {[%emt 0:00:00]} Nxa4 {[%emt 0:03:32]} 31. Ref1 {[%emt 0:00:26]} Rb7 {[%emt 0:05:41]} 32. Ra3 {[%emt 0:06:32]} Nb2 {[%emt 0:00:58]} 33. Ra8+ {[%emt 0:01:14]} Kg7 {[%emt 0:00:00]} 34. Rc8 {[%emt 0:02:22]} Nxc4 {[%emt 0:00:00]} 35. Rxc4 {[%emt 0:00:00]} Rxb5 {[%emt 0:00:00]} 36. Rc7 {[%emt 0:01:55]} Bf6 {[%emt 0:01:19]} 37. Rd7 {[%emt 0:00:00]} Rb6 {[%emt 0:02:06]} 38. g4 {[%emt 0:03:18]} g5 {[%emt 0:00:00]} 39. Rc1 {[%emt 0:02:24]} Be5 {[%emt 0:01:04]} 40. Rcc7 {[%emt 0:00:16]} Rb1+ {[%emt 0:00:14]} 41. Kf2 {[%emt 0:00:15]} Rb2+ {[%emt 0:00:31]} 42. Ke3 {[%emt 0:00:48]} Rb3+ {[%emt 0:00:18]} 43. Kd2 {[%emt 0:00:27]} Rf3 {[%emt 0:00:00]} 44. Ke2 {[%emt 0:02:20]} Rf4 {[%emt 0:00:11]} 45. Kd3 {[%emt 0:02:20]} Kg6 {[%emt 0:00:50]} 46. Rb7 {[%emt 0:02:42]} h6 {[%emt 0:00:00]} 47. Ke3 {[%emt 0:00:41]} Rf1 {[%emt 0:01:01]} 48. Ke2 {[%emt 0:00:00]} Rf4 {[%emt 0:00:00]} 49. Ke3 {[%emt 0:00:00]} Rf1 {[%emt 0:00:00]} 50. Re7 {[%emt 0:02:14]} Kg7 {[%emt 0:00:27]} 51. Red7 {[%emt 0:00:00]} Kg6 {[%emt 0:00:22]} 52. Ke2 {[%emt 0:00:00]} Rf4 {[%emt 0:00:00]} 53. Ke3 {[%emt 0:01:02]} Rf1 {[%emt 0:00:33]} 54. Ke2 {[%emt 0:00:00]} Rf4 {[%emt 0:00:00]} 55. Ke3 {[%emt 0:05:55]} Rf1 {[%emt 0:03:52]} 56. Ke2 {[%emt 0:00:00]} Rf4 {[%emt 0:00:00]} 57. Ke3 {[%emt 0:00:00]} Rf1 {[%emt 0:00:00]} 58. Ke2 {[%emt 0:00:00]} Rf4 {[%emt 0:00:00]} 59. Ke3 {[%emt 0:02:15]} 1/2-1/2

[Event "2nd Asian Nations Team Cup U14 2019"]
[Site "Shenzhen"]
[Date "2019.12.20"]
[Round "2.12"]
[White "Wang, Yuehan"]
[Black "Wu, Yixing"]
[Result "0-1"]
[WhiteElo "1724"]
[BlackElo "1767"]
[Annotator "NA RC"]
[PlyCount "124"]
[EventDate "2019.12.19"]
[EventType "team-tourn"]
[EventCountry "CHN"]
[SourceTitle "playchess.com"]
[Source "ChessBase"]
[SourceQuality "1"]
[TimeControl "5400+30"]

1. e4 {[%emt 0:00:00]} c5 {[%emt 0:00:00]} 2. Nf3 {[%emt 0:00:00]} d6 {[%emt 0:00:00]} 3. d4 {[%emt 0:00:00]} cxd4 4. Nxd4 {[%emt 0:00:00]} Nf6 {[%emt 0:00:00]} 5. Nc3 {[%emt 0:00:00]} Nc6 {[%emt 0:00:00]} 6. f3 {[%emt 0:00:02]} e5 {[%emt 0:00:15]} 7. Nb3 {[%emt 0:00:04]} Be6 {[%emt 0:00:05]} 8. Be3 {[%emt 0:00:09]} d5 {[%emt 0:01:08]} 9. exd5 {[%emt 0:01:35]} Nxd5 {[%emt 0:00:00]} 10. Nxd5 {[%emt 0:00:13]} Qxd5 {[%emt 0:00:00]} 11. Qxd5 {[%emt 0:01:01]} Bxd5 {[%emt 0:00:00]} 12. O-O-O {[%emt 0:00:06]} O-O-O {[%emt 0:00:00]} 13. c4 {[%emt 0:02:03]} Be6 {[%emt 0:00:50]} 14. Rxd8+ {[%emt 0:00:00]} Kxd8 {[%emt 0:00:42]} 15. Be2 {[%emt 0:00:00]} Kc7 {[%emt 0:02:40]} 16. Rd1 {[%emt 0:01:14]} Be7 {[%emt 0:06:05]} 17. Nc5 {[%emt 0:05:58]} Bf5 {[%emt 0:00:46]} 18. g4 {[%emt 0:03:45]} Bg6 {[%emt 0:01:32]} 19. h4 {[%emt 0:01:00]} Nd4 {[%emt 0:02:57]} 20. Bxd4 {[%emt 0:00:00]} exd4 {[%emt 0:01:39]} 21. Nb3 {[%emt 0:00:14]} Bxh4 {[%emt 0:01:15]} 22. f4 {[%emt 0:10:23]} Be4 {[%emt 0:09:17]} 23. Nxd4 {[%emt 0:01:36]} a6 {[%emt 0:01:44]} 24. Bf3 {[%emt 0:00:00]} Re8 {[%emt 0:09:05]} 25. Bh1 {[%emt 0:00:00]} Bf2 {[%emt 0:00:00]} 26. Nc2 {[%emt 0:03:34]} Bg3 {[%emt 0:00:00]} 27. f5 {[%emt 0:01:45]} Bf4+ {[%emt 0:00:00]} 28. Kb1 {[%emt 0:00:00]} Bxc2+ {[%emt 0:00:00]} 29. Kxc2 {[%emt 0:00:00]} Re2+ {[%emt 0:01:51]} 30. Kb3 {[%emt 0:03:16]} Be5 {[%emt 0:00:59]} 31. Rb1 {[%emt 0:00:50]} f6 {[%emt 0:01:20]} 32. Ka3 {[%emt 0:02:16]} Re3+ {[%emt 0:02:19]} 33. b3 {[%emt 0:00:00]} Rg3 {[%emt 0:02:07]} 34. Bd5 {[%emt 0:00:00]} Rxg4 {[%emt 0:01:46]} 35. Rh1 {[%emt 0:00:36]} h6 {[%emt 0:00:00]} 36. Rd1 {[%emt 0:01:07]} Bd6+ {[%emt 0:00:03]} 37. Kb2 {[%emt 0:03:24]} h5 {[%emt 0:03:25]} 38. Be6 {[%emt 0:00:00]} Rg2+ {[%emt 0:00:52]} 39. Kb1 {[%emt 0:01:50]} h4 {[%emt 0:07:32]} 40. c5 {[%emt 0:03:09]} Bxc5 {[%emt 0:00:00]} 41. Rd7+ {[%emt 0:00:43]} Kc6 {[%emt 0:00:00]} 42. Rd8 {[%emt 0:00:54]} Bd6 {[%emt 0:03:54]} 43. Rc8+ {[%emt 0:01:59]} Bc7 {[%emt 0:00:00]} 44. Rh8 {[%emt 0:00:23]} Rh2 {[%emt 0:01:31]} 45. Bc4 {[%emt 0:01:08]} h3 {[%emt 0:00:00]} 46. Bd3 {[%emt 0:01:04]} Kd5 {[%emt 0:00:15]} 47. Rh4 {[%emt 0:02:09]} Bg3 {[%emt 0:02:31]} 48. Rg4 {[%emt 0:04:30]} Rd2 {[%emt 0:00:53]} 49. Be4+ {[%emt 0:05:26]} Ke5 {[%emt 0:00:59]} 50. Bxb7 {[%emt 0:04:39]} Rd7 {[%emt 0:04:21]} 51. Bc6 {[%emt 0:02:18]} Rc7 {[%emt 0:02:17]} 52. Bf3 {[%emt 0:00:00]} Bf4 {[%emt 0:02:06]} 53. Rh4 {[%emt 0:00:00]} h2 {[%emt 0:00:08]} 54. Rh5 {[%emt 0:00:00]} Rc3 {[%emt 0:00:33]} 55. Bb7 {[%emt 0:03:02]} Rg3 {[%emt 0:01:01]} 56. Kc2 {[%emt 0:00:00]} Rg5 {[%emt 0:02:08]} 57. Rh7 {[%emt 0:01:41]} Kxf5 {[%emt 0:01:13]} 58. b4 {[%emt 0:00:00]} Rg1 {[%emt 0:01:16]} 59. a4 {[%emt 0:00:00]} Bh6 {[%emt 0:00:11]} 60. b5 {[%emt 0:00:00]} axb5 {[%emt 0:00:42]} 61. axb5 {[%emt 0:00:31]} Rc1+ {[%emt 0:02:14]} 62. Kd3 {[%emt 0:01:13]} h1=Q {[%emt 0:00:33]} 0-1

[Event "2nd Asian Nations Team Cup U14 2019"]
[Site "Shenzhen"]
[Date "2019.12.20"]
[Round "2.13"]
[White "Jin Yueheng"]
[Black "Wang, Benchi"]
[Result "1/2-1/2"]
[WhiteElo "1924"]
[BlackElo "1747"]
[Annotator "NA RC"]
[PlyCount "80"]
[EventDate "2019.12.19"]
[EventType "team-tourn"]
[EventCountry "CHN"]
[SourceTitle "playchess.com"]
[Source "ChessBase"]
[SourceQuality "1"]
[TimeControl "5400+30"]

1. d4 {[%emt 0:00:00]} Nf6 {[%emt 0:00:00]} 2. c4 {[%emt 0:00:00]} e6 {[%emt 0:00:34]} 3. Nf3 {[%emt 0:00:00]} Bb4+ {[%emt 0:00:32]} 4. Bd2 {[%emt 0:00:00]} Qe7 {[%emt 0:00:08]} 5. g3 {[%emt 0:00:04]} Ne4 {[%emt 0:01:53]} 6. Bg2 {[%emt 0:00:59]} Nxd2 {[%emt 0:06:36]} 7. Nbxd2 {[%emt 0:00:07]} d5 {[%emt 0:00:58]} 8. O-O {[%emt 0:00:20]} O-O {[%emt 0:00:48]} 9. Rc1 {[%emt 0:01:06]} c6 {[%emt 0:00:22]} 10. a3 {[%emt 0:00:12]} Bxd2 {[%emt 0:05:22]} 11. Qxd2 {[%emt 0:00:06]} Nd7 {[%emt 0:00:21]} 12. Rfd1 {[%emt 0:00:30]} dxc4 {[%emt 0:01:38]} 13. Rxc4 {[%emt 0:00:21]} e5 {[%emt 0:00:31]} 14. dxe5 {[%emt 0:04:15]} Nxe5 {[%emt 0:00:14]} 15. Nxe5 {[%emt 0:00:16]} Qxe5 {[%emt 0:00:06]} 16. Re4 {[%emt 0:01:02]} Qc7 {[%emt 0:00:52]} 17. Rd4 {[%emt 0:02:53]} Be6 {[%emt 0:01:06]} 18. Qd3 {[%emt 0:03:47]} c5 {[%emt 0:02:26]} 19. Rd6 {[%emt 0:00:33]} Rac8 {[%emt 0:02:04]} 20. Be4 {[%emt 0:02:44]} g6 {[%emt 0:02:52]} 21. h4 {[%emt 0:02:11]} c4 {[%emt 0:12:26]} 22. Qd4 {[%emt 0:00:36]} Qc5 {[%emt 0:07:08]} 23. Bxb7 {[%emt 0:04:28]} Qxd4 {[%emt 0:00:13]} 24. R1xd4 {[%emt 0:00:14]} Rb8 {[%emt 0:01:14]} 25. Ba6 {[%emt 0:00:23]} Rxb2 {[%emt 0:00:18]} 26. Bxc4 {[%emt 0:00:04]} Bxc4 {[%emt 0:02:23]} 27. Rxc4 {[%emt 0:00:03]} Rxe2 {[%emt 0:00:06]} 28. Rc7 {[%emt 0:00:15]} a5 {[%emt 0:01:04]} 29. Ra7 {[%emt 0:00:42]} Re5 {[%emt 0:02:13]} 30. Rda6 {[%emt 0:00:06]} Rb8 {[%emt 0:01:12]} 31. Rxa5 {[%emt 0:00:39]} Rb1+ {[%emt 0:01:15]} 32. Kg2 {[%emt 0:00:02]} Ree1 {[%emt 0:00:28]} 33. Rd5 {[%emt 0:01:28]} Rg1+ {[%emt 0:02:16]} 34. Kf3 {[%emt 0:00:17]} Rb3+ {[%emt 0:00:49]} 35. Ke2 {[%emt 0:00:06]} Ra1 {[%emt 0:01:46]} 36. Rd8+ {[%emt 0:00:31]} Kg7 {[%emt 0:00:02]} 37. Rdd7 {[%emt 0:00:12]} Ra2+ {[%emt 0:00:24]} 38. Rd2 {[%emt 0:01:22]} Raxa3 {[%emt 0:00:17]} 39. Rxa3 {[%emt 0:00:38]} Rxa3 {[%emt 0:00:09]} 40. Rd7 {[%emt 0:00:12]} h5 {[%emt 0:00:08]} 1/2-1/2

[Event "2nd Asian Nations Team Cup U14 2019"]
[Site "Shenzhen"]
[Date "2019.12.20"]
[Round "2.14"]
[White "Zhang, Yuanxiao"]
[Black "Zhang, Di"]
[Result "1/2-1/2"]
[WhiteElo "1545"]
[BlackElo "2013"]
[Annotator "NA RC"]
[PlyCount "172"]
[EventDate "2019.12.19"]
[EventType "team-tourn"]
[EventCountry "CHN"]
[SourceTitle "playchess.com"]
[Source "ChessBase"]
[SourceQuality "1"]
[TimeControl "5400+30"]

1. e4 {[%emt 0:00:00]} c5 {[%emt 0:00:00]} 2. c3 {[%emt 0:00:00]} d5 {[%emt 0:00:00]} 3. exd5 {[%emt 0:00:00]} Qxd5 {[%emt 0:00:00]} 4. d4 {[%emt 0:00:00]} Nc6 {[%emt 0:00:00]} 5. Nf3 {[%emt 0:00:03]} Bg4 {[%emt 0:00:37]} 6. Be2 {[%emt 0:01:34]} cxd4 {[%emt 0:00:11]} 7. cxd4 {[%emt 0:00:09]} e6 {[%emt 0:00:12]} 8. O-O {[%emt 0:00:51]} Nf6 {[%emt 0:00:08]} 9. Nc3 {[%emt 0:00:18]} Qd6 {[%emt 0:03:53]} 10. Be3 {[%emt 0:06:38]} Be7 {[%emt 0:00:36]} 11. Rc1 {[%emt 0:01:36]} O-O {[%emt 0:02:08]} 12. Qb3 {[%emt 0:02:07]} a6 {[%emt 0:04:30]} 13. Rfd1 {[%emt 0:00:16]} b5 {[%emt 0:04:49]} 14. a3 {[%emt 0:02:34]} Rfd8 {[%emt 0:00:28]} 15. Qc2 {[%emt 0:03:11]} Rac8 {[%emt 0:04:45]} 16. Qd2 {[%emt 0:01:10]} Qb8 {[%emt 0:00:51]} 17. h3 {[%emt 0:04:36]} Bh5 {[%emt 0:00:44]} 18. b4 {[%emt 0:01:52]} a5 {[%emt 0:03:31]} 19. bxa5 {[%emt 0:00:35]} Nxa5 {[%emt 0:00:25]} 20. Nxb5 {[%emt 0:02:26]} Rxc1 {[%emt 0:02:02]} 21. Qxc1 {[%emt 0:01:06]} Bxf3 {[%emt 0:00:09]} 22. gxf3 {[%emt 0:00:14]} Rc8 {[%emt 0:01:56]} 23. Qb1 {[%emt 0:02:49]} Nd5 {[%emt 0:00:39]} 24. Rc1 {[%emt 0:00:36]} Rxc1+ {[%emt 0:04:51]} 25. Bxc1 {[%emt 0:07:11]} Bd6 {[%emt 0:01:26]} 26. Bd3 {[%emt 0:02:01]} Bh2+ {[%emt 0:00:55]} 27. Kg2 {[%emt 0:01:08]} f5 {[%emt 0:01:15]} 28. Bd2 {[%emt 0:01:22]} Nc6 {[%emt 0:00:14]} 29. Nc3 {[%emt 0:01:44]} Qd6 {[%emt 0:04:16]} 30. Nxd5 {[%emt 0:02:28]} exd5 {[%emt 0:04:25]} 31. Bxf5 {[%emt 0:01:21]} g6 {[%emt 0:05:04]} 32. Bd3 {[%emt 0:01:28]} Bf4 {[%emt 0:01:58]} 33. Bc3 {[%emt 0:13:26]} Nd8 {[%emt 0:08:33]} 34. Qb3 {[%emt 0:01:59]} Ne6 {[%emt 0:00:52]} 35. a4 {[%emt 0:06:20]} Bg5 {[%emt 0:01:17]} 36. Bf1 {[%emt 0:01:29]} Bd8 {[%emt 0:00:42]} 37. Bb4 {[%emt 0:01:53]} Qd7 {[%emt 0:02:00]} 38. Qe3 {[%emt 0:01:36]} Bb6 {[%emt 0:07:42]} 39. Bc3 {[%emt 0:02:30]} Bc7 {[%emt 0:00:56]} 40. a5 {[%emt 0:01:17]} Qd6 {[%emt 0:00:35]} 41. Qe5 {[%emt 0:00:37]} Qd7 {[%emt 0:00:42]} 42. Bb5 {[%emt 0:04:04]} Qf7 {[%emt 0:00:20]} 43. Qe3 {[%emt 0:00:41]} Qf5 {[%emt 0:00:31]} 44. Bf1 {[%emt 0:01:08]} Ng5 {[%emt 0:08:25]} 45. f4 {[%emt 0:07:47]} Bxf4 {[%emt 0:02:33]} 46. Qd3 {[%emt 0:01:17]} Ne4 {[%emt 0:00:40]} 47. Be2 {[%emt 0:03:21]} Qg5+ {[%emt 0:00:06]} 48. Kf1 {[%emt 0:00:15]} Bh2 {[%emt 0:01:28]} 49. Bf3 {[%emt 0:00:41]} Qg1+ {[%emt 0:00:54]} 50. Ke2 {[%emt 0:00:14]} Qxf2+ {[%emt 0:00:50]} 51. Kd1 {[%emt 0:01:16]} Nxc3+ {[%emt 0:03:59]} 52. Qxc3 {[%emt 0:00:14]} Bf4 {[%emt 0:00:30]} 53. Bxd5+ {[%emt 0:02:08]} Kg7 {[%emt 0:00:01]} 54. Bc4 {[%emt 0:00:50]} Qg1+ {[%emt 0:01:08]} 55. Kc2 {[%emt 0:00:33]} Qc1+ {[%emt 0:00:10]} 56. Kb3 {[%emt 0:00:08]} Qd1+ {[%emt 0:00:54]} 57. Qc2 {[%emt 0:00:53]} Qa1 {[%emt 0:01:21]} 58. a6 {[%emt 0:01:26]} Bd6 {[%emt 0:00:26]} 59. Qc3 {[%emt 0:01:25]} Qa3+ {[%emt 0:01:30]} 60. Kc2 {[%emt 0:00:08]} Qa4+ {[%emt 0:00:03]} 61. Qb3 {[%emt 0:00:38]} Qd7 {[%emt 0:02:11]} 62. Qb7 {[%emt 0:02:08]} Qxb7 {[%emt 0:00:04]} 63. axb7 {[%emt 0:00:06]} Kf6 {[%emt 0:00:29]} 64. Kd3 {[%emt 0:00:35]} Bb8 {[%emt 0:00:37]} 65. Ke4 {[%emt 0:00:24]} g5 {[%emt 0:00:10]} 66. Be2 {[%emt 0:00:26]} Bc7 {[%emt 0:00:30]} 67. Kd5 {[%emt 0:00:20]} Ke7 {[%emt 0:00:04]} 68. Bg4 {[%emt 0:00:48]} Bb8 {[%emt 0:00:48]} 69. Ke4 {[%emt 0:00:54]} Kf6 {[%emt 0:00:01]} 70. Kd5 {[%emt 0:00:18]} Ke7 {[%emt 0:00:01]} 71. Kc6 {[%emt 0:00:26]} Bf4 {[%emt 0:00:19]} 72. d5 {[%emt 0:01:00]} Bb8 {[%emt 0:00:06]} 73. Kc5 {[%emt 0:00:27]} Bd6+ {[%emt 0:00:18]} 74. Kd4 {[%emt 0:00:27]} Bb8 {[%emt 0:00:13]} 75. Ke4 {[%emt 0:00:20]} Kf6 {[%emt 0:00:07]} 76. Bh5 {[%emt 0:00:10]} Bc7 {[%emt 0:00:17]} 77. Kf3 {[%emt 0:00:28]} Bb8 {[%emt 0:00:34]} 78. Kg4 {[%emt 0:00:21]} h6 {[%emt 0:00:28]} 79. Be8 {[%emt 0:00:23]} Bd6 {[%emt 0:00:01]} 80. Bd7 {[%emt 0:00:56]} Bc7 {[%emt 0:00:08]} 81. Kf3 {[%emt 0:00:25]} Bb8 {[%emt 0:00:26]} 82. Ke4 {[%emt 0:01:11]} Bd6 {[%emt 0:00:09]} 83. Be6 {[%emt 0:01:03]} Bb8 {[%emt 0:00:13]} 84. Kd4 {[%emt 0:00:07]} Ke7 {[%emt 0:00:17]} 85. Kc5 {[%emt 0:00:15]} Ba7+ {[%emt 0:00:12]} 86. Kc6 {[%emt 0:00:09]} Bb8 {[%emt 0:00:01]} 1/2-1/2

[Event "2nd Asian Nations Team Cup U14 2019"]
[Site "Shenzhen"]
[Date "2019.12.20"]
[Round "2.15"]
[White "Xiao, Tong"]
[Black "Liu, David J"]
[Result "1-0"]
[WhiteElo "1925"]
[BlackElo "1897"]
[Annotator "NA RC"]
[PlyCount "51"]
[EventDate "2019.12.19"]
[EventType "team-tourn"]
[EventCountry "CHN"]
[SourceTitle "playchess.com"]
[Source "ChessBase"]
[SourceQuality "1"]
[TimeControl "5400+30"]

1. e4 {[%emt 0:00:00]} e5 {[%emt 0:00:00]} 2. Nf3 {[%emt 0:00:00]} Nf6 {[%emt 0:00:00]} 3. d4 {[%emt 0:00:00]} exd4 {[%emt 0:01:29]} 4. e5 {[%emt 0:00:00]} Bb4+ {[%emt 0:00:31]} 5. c3 {[%emt 0:00:20]} dxc3 {[%emt 0:00:53]} 6. bxc3 {[%emt 0:00:05]} Qe7 {[%emt 0:00:26]} 7. cxb4 {[%emt 0:00:09]} Qxb4+ {[%emt 0:00:06]} 8. Bd2 {[%emt 0:00:05]} Qe4+ {[%emt 0:01:06]} 9. Qe2 {[%emt 0:00:08]} Qxe2+ {[%emt 0:00:34]} 10. Bxe2 {[%emt 0:00:05]} Ne4 {[%emt 0:01:14]} 11. Be3 {[%emt 0:01:00]} Nc6 {[%emt 0:00:53]} 12. Nbd2 {[%emt 0:00:49]} Nxd2 {[%emt 0:00:15]} 13. Kxd2 {[%emt 0:00:07]} O-O {[%emt 0:00:10]} 14. Bf4 {[%emt 0:00:19]} b6 {[%emt 0:03:07]} 15. h4 {[%emt 0:00:32]} Ne7 {[%emt 0:00:57]} 16. Bc4 {[%emt 0:00:39]} Bb7 {[%emt 0:01:24]} 17. h5 {[%emt 0:00:52]} Rab8 {[%emt 0:02:32]} 18. h6 {[%emt 0:01:01]} g6 {[%emt 0:00:26]} 19. Rhc1 {[%emt 0:01:37]} Rfd8 {[%emt 0:04:58]} 20. Bg5 {[%emt 0:00:37]} Re8 {[%emt 0:01:50]} 21. Bf6 {[%emt 0:00:34]} Nf5 {[%emt 0:01:03]} 22. Ng5 {[%emt 0:00:21]} Nxh6 {[%emt 0:02:42]} 23. Rh1 {[%emt 0:00:06]} Nf5 {[%emt 0:00:09]} 24. Rxh7 {[%emt 0:00:16]} Ng7 {[%emt 0:00:24]} 25. Rxg7+ {[%emt 0:00:11]} Kh8 {[%emt 0:00:21]} 26. Nxf7# {[%emt 0:00:07]} 1-0